000 00703nam a2200217 a 4500
003 BD-DhJNU
005 20250923052408.0
008 171103s2018 nyuab b 001 0 eng
020 _a9780393623956
_q(pbk.)
020 _a9780393639407
040 _aBD-DhJNU
_bENG
_cBD-DhJNU
_dBD-DhJNU
082 0 0 _a301 INT
_223
245 1 0 _aIntroduction to sociology /
_cAnthony Giddens [and three others].
250 _a11th ed.
264 1 _aNew York :
_bW.W. Norton & Company,
_c[2018]
300 _axxi, 575 pages :
_billustrations (chiefly color), color maps ;
_c28 cm
504 _aIncludes bibliographical references and index.
650 0 _aSociology.
700 1 _aGiddens, Anthony,
_eauthor
942 _cBK
999 _c2155
_d2155